=LDR 00000nam 2200000 4500 =001 INLIS000000000006871 =005 20130612094948 =008 ***********************************Ind** =035 ##$$0010-061300000006871 =041 ##$$a Ind =082 ##$$a 368 =090 ##$$a 368, Sem b =100 ##$$a Sembiring, RK =245 ##$$a Asurangsi I, R.K. Sembiring, Ph.D =260 ##$$a 1986 $b Jakarta =300 ##$$a 30 hlm., 21 cm =650 ##$$a Asurangsi